Historia Antigua de España / (Record no. 108281)

MARC details
000 -LEADER
campo de control de longitud fija 00665nam a2200193 4500
001 - NÚMERO DE CONTROL
campo de control 108281
003 - IDENTIFICADOR DE NÚMERO DE CONTROL
campo de control ES-MaACL
005 - FECHA Y HORA DE LA ÚLTIMA TRANSACCIÓN
campo de control 20250828112809.0
007 - CAMPO FIJO DE DESCRIPCIÓN FÍSICA--INFORMACIÓN GENERAL
campo de control de longitud fija t|
008 - DATOS DE LONGITUD FIJA--INFORMACIÓN GENERAL
campo de control de longitud fija 061121s1977 sp r ||||1| spa d
100 1# - ENTRADA PRINCIPAL--NOMBRE DE PERSONA
Nombre de persona Montenegro Duque, Ángel.
9 (RLIN) 82456
245 10 - MENCIÓN DEL TÍTULO
Título Historia Antigua de España /
Mención de responsabilidad, etc. autor Angel Montenegro Duque.
260 ## - PUBLICACIÓN, DISTRIBUCIÓN, ETC.
Lugar de publicación, distribución, etc. [Madrid] :
Nombre del editor, distribuidor, etc. Universidad Nacional de Educación a Distancia, Ministerio de Educación y Ciencia,
Fecha de publicación, distribución, etc. 1977.
300 ## - DESCRIPCIÓN FÍSICA
Extensión 697 p. ;
Dimensiones 30 cm.
490 1# - MENCIÓN DE SERIE
Mención de serie Unidades didácticas ;
Designación de volumen o secuencia 1-6
830 00 - PUNTO DE ACCESO ADICIONAL DE SERIE-TÍTULO UNIFORME
Título uniforme Unidades didácticas (UNED)
Designación de volumen o secuencia 1-6
9 (RLIN) 184098
852 ## - LOCALIZACIÓN
Ubicación ES-MaACL
Número de control de estantería L-2638
Sublocalización o colección R.103640
Holdings
Estatus retirado Estado de pérdida Estado de daño No para préstamo Biblioteca de origen Biblioteca actual Ubicación en estantería Fecha de adquisición Fuente de adquisición Total de préstamos Signatura topográfica completa Código de barras Visto por última vez Precio de reemplazo Tipo de ítem Koha
        Biblioteca del Ateneo de Madrid Biblioteca del Ateneo de Madrid Depósito 2 17/01/2008     L-2638 1112988 23/02/2023 23/02/2023 Libro impreso